000 00999nam a2200289 i 4500
001 176157
003 ES-MaACL
005 20230906220016.0
008 101221s1974 sp |||| | spa d
020 _a84-345-1336-6
080 _a57.017.5
080 _a616.4
245 0 0 _aEndocrinología de la reproducción y población mundial /
_cdirector, John A. Loraine ; consejo editorial J. R. Bierich... [et al.] ; [traducción española de José Egozcue Cuixart].
260 _aBarcelona :
_bSalvat,
_c[1974]
300 _aX, 240 p. ;
_c25 cm.
490 1 _aClínica endocrinológica ;
_v1/3
500 _aÍndice.
504 _aBibliografía.
650 4 _aReproducción humana.
_9144423
650 4 _aEndocrinología.
_9144424
700 1 _aLoraine, John A.
_9144422
700 1 _aBierich, J. R.
_9144420
700 1 _aEgozcue Cuixart, José.
_946738
830 0 _aClínica endocrinológica ;
_v1/3
_9189956
852 _aES-MaACL
_jE-13842
_x- Olim P-263
999 _c176157
_d176157